We Europeans ; a survey of 'racial' problems /

Bibliographic Details
Main Author: Huxley, Julian, 1887-1975
Other Authors: Haddon, Alfred C. (Alfred Cort), 1855-1940, Carr-Saunders, A. M. (Alexander Morris), 1886-1966
Format: Book
Language:English
Published: New York, London : Harper, 1936.
Subjects:

MARC

Tag First Indicator Second Indicator Subfields
LEADER 00000cam a2200000 4500
001 in00000051201
005 20151007065916.0
008 741204s1936 nyu 00000 eng u
010 |a  36005785  
035 |a (OCoLC)01098877 
035 |9 AAE2947AM 
040 |c MSC  |d TXA  |d UtOrBLW 
049 |a TXAM  |c [62390] 
050 0 0 |a GN575  |b .H8 1936 
092 |a 572.942  |b H986w 
100 1 |a Huxley, Julian,  |d 1887-1975. 
245 1 0 |a We Europeans ;  |b a survey of 'racial' problems /  |c by Julian S. Huxley ... and A. C. Haddon ... with a contribution by A. M. Carr-Saunders. 
264 1 |a New York,  |a London :  |b Harper,  |c 1936. 
300 |a 246 pages :  |b illustrations (maps) plates, diagrams ;  |c 21 cm. 
336 |a text  |b txt  |2 rdacontent 
337 |a unmediated  |b n  |2 rdamedia 
338 |a volume  |b nc  |2 rdacarrier 
500 |a First edition. 
650 0 |a Ethnology  |z Europe. 
650 0 |a Race. 
700 1 |a Haddon, Alfred C.  |q (Alfred Cort),  |d 1855-1940. 
700 1 |a Carr-Saunders, A. M.  |q (Alexander Morris),  |d 1886-1966. 
999 |a MARS 
999 f f |s dcce41de-e03a-3c0b-a519-ab0a220fefc7  |i 3737057e-606a-3184-9510-ac505d99e0ae  |t 0 
952 f f |p ric  |a Texas A&M University  |b Rellis Campus  |c Joint Library Facility  |d Remote Storage  |t 0  |e GN575 .H8 1936  |h Library of Congress classification  |i unmediated -- volume  |m A14800968302 
998 f f |a GN575 .H8 1936  |t 0  |l Remote Storage